The rights of women in Islam (Record no. 62683)

000 -LEADER
fixed length control field 00514nam a22001937a 4500
003 - CONTROL NUMBER IDENTIFIER
control field NUST - PNEC
005 - DATE AND TIME OF LATEST TRANSACTION
control field 20170116180754.0
008 - FIXED-LENGTH DATA ELEMENTS--GENERAL INFORMATION
fixed length control field 150331b xxu||||| |||| 00| 0 eng d
020 ## - INTERNATIONAL STANDARD BOOK NUMBER
International Standard Book Number 1932705015
040 ## - CATALOGING SOURCE
Transcribing agency LIBRARY
082 ## - DEWEY DECIMAL CLASSIFICATION NUMBER
Classification number 305.486971
100 ## - MAIN ENTRY--PERSONAL NAME
9 (RLIN) 1968
Personal name Engineer, Asghar Ali,
245 ## - TITLE STATEMENT
Title The rights of women in Islam
Statement of responsibility, etc. Engineer, Asghar Ali,
250 ## - EDITION STATEMENT
Edition statement 2th .ed
260 ## - PUBLICATION, DISTRIBUTION, ETC.
Place of publication, distribution, etc. U S A
Name of publisher, distributor, etc. UK
Date of publication, distribution, etc. C 2004
300 ## - PHYSICAL DESCRIPTION
Extent 232 . :
650 ## - SUBJECT ADDED ENTRY--TOPICAL TERM
9 (RLIN) 1969
Topical term or geographic name entry element The Rights of Women in Islam
General subdivision islam
942 ## - ADDED ENTRY ELEMENTS (KOHA)
Source of classification or shelving scheme
Koha item type Book
Holdings
Withdrawn status Lost status Source of classification or shelving scheme Damaged status Not for loan Permanent Location Current Location Shelving location Date acquired Source of acquisition Cost, normal purchase price Total Checkouts Full call number Barcode Date last seen Date last checked out Cost, replacement price Price effective from Koha item type
          Pakistan Navy Engineering College (PNEC) Pakistan Navy Engineering College (PNEC)   06/18/2005 Royal Book Company 500.00 1 305.486971 PNECLIB-026914 10/21/2016 10/21/2016 500.00 06/18/2005 Book
© 2023 Central Library, National University of Sciences and Technology. All Rights Reserved.